00875cam a2200253 a 450000100100000000500170001000800410002702000150006803500190008304000250010208200180012710000370014524500470018226000330022930000360026249000290029865000290032765000420035683000380039891000370043604900090047395201220048299900170060400001833420200929165448.0940308s1993 sp a 000 p spa d a8475173845 a(DLC) 94127482 aDO-SdBNPcDLCdBNPHU a861.64bC331m1 aCarvajal, Antonio,d1943-93971410aMiradas sobre el agua /cAntonio Carvajal. aMadrid :bHiperión,c1993. a106 p. :bil., retrs. ;c20 cm.1 aPoesía Hiperiónv216 4aPoesía española9631 4aLiteratura españolaySIGLO XX93326 0aPoesía Hiperión ;v216914707 aCatalogación por derivada / LC aBNGR 001052708MOaGRbGRcCTd2010-04-29iLF1l0o861.64 C331mp18334-10r2020-06-25w2020-06-25y2ZPréstamo interno c17855d17855